Dragon Ball Characters by Chapter Appearances - Statistics

General Stats
  • This quiz has been taken 184 times
    46 since last reset
  • The average score is 58 of 154
Answer Stats
No. Chapters Answer % Correct
6 213 Bulma
100%
1 423 Goku
100%
3 251 Gohan
97%
9 169 Tien Shinhan
92%
8 175 Master Roshi
89%
5 216 Vegeta
89%
7 205 Yamcha
89%
2 336 Krillin
86%
14 82 Chichi
83%
12 109 Oolong
83%
4 247 Piccolo
83%
10 133 Trunks
83%
20 60 Cell
81%
18 63 Frieza
81%
21 58 Goten
81%
22 58 Majin Buu
78%
32 30 Ox King
78%
19 63 Mr. Satan
75%
52 16 Nappa
72%
38 22 Android 17
69%
56 14 Android 20/ Dr. Gero
69%
27 42 Android 16
67%
16 66 Android 18
67%
67 11 Android 19
67%
15 71 Dende
67%
58 12 Raditz
67%
29 40 Videl
67%
66 11 Captain Ginyu
64%
30 38 King Kai
64%
23 57 Mr. Popo
64%
11 119 Puar
64%
17 63 Chiaotzu
61%
31 37 Kami
61%
64 11 Mercenary Tao
61%
139 1 Bardock
58%
59 12 Dodoria
58%
26 51 Launch
58%
120 2 Pan
58%
65 11 Recoome
58%
24 56 Supreme Kai
58%
25 55 Yajirobe
58%
62 11 Commander Red
56%
54 15 General Blue
56%
28 41 Sea Turtle
56%
47 18 Zarbon
56%
34 28 Babidi
53%
61 12 Burter
53%
53 16 Dabura
53%
39 21 Emperor Pilaf
53%
92 4 Guldo
53%
48 18 Jeice
53%
63 11 Adjutant Black
50%
46 19 Bee
50%
- 11 Gotenks
50%
- 4 Vegito
50%
79 7 Android 8
47%
84 6 Grandpa Gohan
47%
40 21 Mai
47%
73 9 Nail
47%
49 17 Shenron
47%
36 23 Fortune Teller Baba
44%
33 28 Kibito
44%
90 5 King Cold
44%
42 21 Korin
44%
68 10 Nam
44%
88 5 Tambourine
44%
122 2 Uub
44%
50 17 Bubbles
42%
121 2 Bulla
42%
70 10 Grand Elder Guru
42%
74 9 Porunga
42%
95 4 Puipui
42%
81 7 Yamu
42%
60 12 Appule
39%
91 4 Cui
39%
41 21 Shu
39%
71 10 Spopovich
39%
13 89 World Tournament Announcer
36%
131 1 Captain Yellow
33%
109 2 Colonel Silver
33%
57 12 Dr. Briefs
33%
- 25 King Piccolo
33%
86 5 Ranfan
33%
- 3 Saibamen
33%
119 2 Yakon
33%
102 3 Drum
31%
69 10 General White
31%
89 5 King Yemma
31%
45 19 Marron
31%
87 5 Mrs. Briefs
31%
98 3 Arale
28%
97 3 Bacterian
28%
78 7 Giran
28%
35 25 Upa
28%
72 9 Bora
25%
132 1 Colonel Violet
25%
101 3 Cymbal
22%
100 3 King Chappa
22%
99 3 Bandages the Mummy
19%
37 23 Elder Kai
19%
136 1 Farmer
19%
55 14 Moori
19%
43 19 Piano
19%
77 8 Sharpner
19%
83 6 Sergeant Murasaki
17%
133 1 Invisible Man
14%
115 2 Man Wolf
14%
135 1 Master Mutaito
14%
142 1 South Kai
14%
134 1 Spike the Devil Man
14%
- 3 Cell Jrs
11%
76 8 Eraser
11%
114 2 Fangs
11%
94 4 Jewel
11%
93 4 Killa
11%
145 1 Mighty Mask
11%
129 1 Monster Carrot
11%
118 2 Pintar
11%
123 2 Captain Chicken
8%
113 2 Captain Dark
8%
85 6 Cargo
8%
143 1 Idasa
8%
117 2 Idasam
8%
44 19 Jimmy Firecracker
8%
75 8 King Furry
8%
116 2 Pamput
8%
130 1 Pirate Robot
8%
110 2 Sergeant Metallitron
8%
82 6 Snow
8%
138 1 Tsuno
8%
149 1 Grand Supreme Kai
6%
80 7 Hero
6%
144 1 Ikose
6%
126 2 Otokosuki
6%
128 1 Bear Thief
3%
111 2 Buyon Monster
3%
51 16 Crane Elder
3%
104 2 Grandma Paozu
3%
112 2 Jingle Village Mayor
3%
107 2 Monster Carrot's Henchmen
3%
124 2 Nareg
3%
125 2 Nok
3%
147 1 Old Witch
3%
105 2 Pocawatha
3%
141 1 Richest Man in Ginger Town
3%
106 2 Sherman Priest
3%
148 1 South Supreme Kai
3%
146 1 Tommy
3%
127 2 Wild Tiger
3%
137 1 Banan & Sui
0%
140 1 Iru
0%
96 4 Smitty
0%
103 3 Van Zant
0%
108 2 World Tournament Chairman
0%
No matching quizzes found
Score Distribution
Percent of People with Each Score
Percentile by Number Answered
Your Score History
You have not taken this quiz since the last reset